Land vs. Land # 11 - Statistiken

Allgemein
  • Dieses Quiz wurde 60 mal gespielt
  • Das Durchschnittsergebnis liegt bei 13 aus 14
Antwortstatistiken
Frage Antwort % Korrekt
...Tourismus? Italien🇮🇹
100%
...Gesundheitswesen? Italien🇮🇹
100%
...Gewinner? Italien🇮🇹
100%
...Bruttoinlandsprodukt? Italien🇮🇹
98%
...Bruttoinlandsprodukt pro Kopf? Italien🇮🇹
98%
...Lebenserwartung? Italien🇮🇹
98%
...Frieden? Italien🇮🇹
96%
...durchschnittlicher IQ? Italien🇮🇹
96%
...Happy Planet Index? Italien🇮🇹
95%
...HDI (Human Development Index)? Italien🇮🇹
93%
...Exportmengen? Italien🇮🇹
93%
...Fläche? Libyen🇱🇾
89%
...Einwohner? Italien🇮🇹
88%
...Militär? Italien🇮🇹
79%
Keine übereinstimmenden Quizze gefunden
Verteilung der Resultate
Anzahl Personen mit jedem Resultat
Perzentil nach korrekt beantworteten Fragen
Ihre Resultats-Entwicklung
Sie haben dieses Quiz noch nicht gespielt